<?xml version="1.0" encoding="UTF-8"?><?xml-stylesheet type="text/xsl" href="static/style.xsl"?><OAI-PMH xmlns="http://www.openarchives.org/OAI/2.0/" xmlns:xsi="http://www.w3.org/2001/XMLSchema-instance" xsi:schemaLocation="http://www.openarchives.org/OAI/2.0/ http://www.openarchives.org/OAI/2.0/OAI-PMH.xsd"><responseDate>2026-04-18T04:09:51Z</responseDate><request verb="GetRecord" identifier="oai:www.recercat.cat:10459.1/67515" metadataPrefix="marc">https://recercat.cat/oai/request</request><GetRecord><record><header><identifier>oai:recercat.cat:10459.1/67515</identifier><datestamp>2024-12-05T22:35:27Z</datestamp><setSpec>com_2072_3622</setSpec><setSpec>col_2072_479130</setSpec></header><metadata><record xmlns="http://www.loc.gov/MARC21/slim" xmlns:dcterms="http://purl.org/dc/terms/" xmlns:xsi="http://www.w3.org/2001/XMLSchema-instance" xmlns:doc="http://www.lyncode.com/xoai" xsi:schemaLocation="http://www.loc.gov/MARC21/slim http://www.loc.gov/standards/marcxml/schema/MARC21slim.xsd">
   <leader>00925njm 22002777a 4500</leader>
   <datafield ind2=" " ind1=" " tag="042">
      <subfield code="a">dc</subfield>
   </datafield>
   <datafield ind2=" " ind1=" " tag="720">
      <subfield code="a">Pelegrí Viaña, Xavier</subfield>
      <subfield code="e">author</subfield>
   </datafield>
   <datafield ind2=" " ind1=" " tag="260">
      <subfield code="c">2019-11-11T14:07:03Z</subfield>
   </datafield>
   <datafield ind2=" " ind1=" " tag="260">
      <subfield code="c">2019-11-11T14:07:03Z</subfield>
   </datafield>
   <datafield ind2=" " ind1=" " tag="260">
      <subfield code="c">2019-09-17</subfield>
   </datafield>
   <datafield ind2=" " ind1=" " tag="260">
      <subfield code="c">2019-11-11T14:07:04Z</subfield>
   </datafield>
   <datafield ind2=" " ind1=" " tag="520">
      <subfield code="a">El objetivo que se pretende en este artículo es revisar la proyección que se da a la figura profesional de la educadora y educador social en las recientes leyes de servicios sociales, llamadas de segunda generación, y consecuentemente, en sus instrumentos de aplicación, como la cartera de servicios sociales. De forma complementaria se han revisado también los perfiles profesionales y la contratación público-privada de dichos profesionales. Dada la imposibilidad de realizar el estudio a nivel estatal, nos hemos centrado -como prototipo- en la comunidad autónoma de Catalunya. La metodología utilizada es básicamente el análisis documental (leyes, informes y dictámenes profesionales, artículos, webs institucionales, etc.) complementado con la observación y sistematización permanente de la realidad. La exposición de los resultados obtenidos nos lleva a aventurar algunas conclusiones, a la vez que detectamos ciertos retos a los que se enfrentan los profesionales de la educación social en los Sistemas de servicios sociales.</subfield>
   </datafield>
   <datafield ind2=" " ind1=" " tag="520">
      <subfield code="a">The objective of this article is to review how the professional role of the social educator is represented in the recent laws of social services, the so-called second generation laws, and consequently, in their implementation tools, such as the portfolio of social services. In addition, the professional profiles and the public-private recruitment of these professionals have also been reviewed. Given the impossibility of conducting the study at the state level, we have focused –as a prototype– on the autonomous community of Catalonia. The methodology used is basically documentary analysis (laws, professional reports, articles, institutional websites, etc.) complemented by the permanent observation and systematization of reality. The presentation of the results obtained leads us to venture some conclusions, while detecting certain challenges that social education professionals face in Social Services Systems.</subfield>
   </datafield>
   <datafield ind1="8" ind2=" " tag="024">
      <subfield code="a">http://hdl.handle.net/10459.1/67515</subfield>
   </datafield>
   <datafield tag="653" ind2=" " ind1=" ">
      <subfield code="a">Sistema de serveis socials</subfield>
   </datafield>
   <datafield tag="653" ind2=" " ind1=" ">
      <subfield code="a">Lleis de serveis socials</subfield>
   </datafield>
   <datafield tag="653" ind2=" " ind1=" ">
      <subfield code="a">Educadors socials i educadores socials</subfield>
   </datafield>
   <datafield tag="653" ind2=" " ind1=" ">
      <subfield code="a">Sistemas de servicios sociales</subfield>
   </datafield>
   <datafield tag="653" ind2=" " ind1=" ">
      <subfield code="a">Leyes de servicios sociales</subfield>
   </datafield>
   <datafield tag="653" ind2=" " ind1=" ">
      <subfield code="a">Educadoras y educadores sociales</subfield>
   </datafield>
   <datafield tag="653" ind2=" " ind1=" ">
      <subfield code="a">Atención socioeducativa</subfield>
   </datafield>
   <datafield tag="653" ind2=" " ind1=" ">
      <subfield code="a">Social Services Systems</subfield>
   </datafield>
   <datafield tag="653" ind2=" " ind1=" ">
      <subfield code="a">Social services laws</subfield>
   </datafield>
   <datafield tag="653" ind2=" " ind1=" ">
      <subfield code="a">Socio -educational care</subfield>
   </datafield>
   <datafield ind2="0" ind1="0" tag="245">
      <subfield code="a">Las educadoras y los educadores sociales en las leyes de servicios sociales de segunda generación. Realidad actual y retos de futuro</subfield>
   </datafield>
   <datafield ind2="0" ind1="0" tag="245">
      <subfield code="a">Social educators in the second generation of social services laws. Current reality and future challenges</subfield>
   </datafield>
</record></metadata></record></GetRecord></OAI-PMH>